000 00428nam a2200169 4500
005 20260108121519.0
008 260108b |||||||| |||| 00| 0 eng d
020 _a978-81-291-2454-8
041 _aEnglish
082 _aX 823 BON
_bB12127
100 _aBond, Ruskin
_9216186
245 _aThe Blue Umbrella
260 _aNew Delhi
_bRupa Publication
_c2025
300 _a58p
_bpb
365 _aRupaye
_b142
_cINR
942 _cBK
999 _c369759
_d369759